Sati, a study of widow burning in India / (Record no. 354)
[ view plain ]
| 000 -LEADER | |
|---|---|
| fixed length control field | 00539nam a2200193 a 4500 |
| 001 - CONTROL NUMBER | |
| control field | 3446072 |
| 005 - DATE AND TIME OF LATEST TRANSACTION | |
| control field | 20240208062359.0 |
| 008 - FIXED-LENGTH DATA ELEMENTS--GENERAL INFORMATION | |
| fixed length control field | 911002s1990 ii af b 001 0 eng |
| 020 ## - INTERNATIONAL STANDARD BOOK NUMBER | |
| ISBN | 0670831026 (U.S.) : |
| 040 ## - CATALOGING SOURCE (பட்டியலாக்க மூலம்) | |
| Original cataloging agency | DLC |
| Transcribing agency | DLC |
| Modifying agency | DLC |
| 082 ## - DDC Classification | |
| DDC Edition Number | 22 |
| Class No. | 306.88. |
| Item Number - Author Mark | SAT. |
| 100 0# - MAIN ENTRY--PERSONAL NAME | |
| Personal name | Sakuntala Narasimhan, |
| 245 10 - TITLE STATEMENT | |
| Title | Sati, a study of widow burning in India / |
| Statement of responsibility, etc. | Sakuntala Narasimhan. |
| 260 ## - PUBLICATION, DISTRIBUTION, ETC. | |
| Place of publication, distribution, etc. | New Delhi, India ; |
| -- | New York, U.S.A. : |
| Name of publisher, distributor, etc. | Viking, |
| Date of publication, distribution, etc. | 1990. |
| 300 ## - PHYSICAL DESCRIPTION | |
| Extent (e.g. Volumes, Pages etc.) | 202 p., |
| 500 ## - GENERAL NOTE | |
| General note | Includes index. |
| 650 #0 - SUBJECT ADDED ENTRY--TOPICAL TERM | |
| Topical term or geographic name entry element | Sati. |
| 942 ## - Koha item type (Biblio) | |
| Koha item type | Books in Stacks (Lending) |
| Lost status | Damaged status | Collection code | Home library | Current library | Date acquired | Full call number | Accession Number | Item type |
|---|---|---|---|---|---|---|---|---|
| Lending | WERC Library | WERC Library | 02/08/2024 | 306.88. SAT. | 583 | Books in Stacks (Lending) |
